[Event "NAYCC U12"]
[Site "Windsor CAN"]
[Date "2016.08.11"]
[Round "8.112"]
[White "Liu, Bowser"]
[Black "Ge, Jared"]
[Result "1-0"]
[WhiteElo "895"]
[BlackElo "1405"]
[PlyCount "81"]
[EventDate "2016.08.07"]
[EventType "swiss"]
[EventRounds "9"]
[EventCountry "CAN"]

1. c4 e5 2. Nc3 Nf6 3. g3 c6 4. Bg2 d5 5. b3 Be6 6. cxd5 cxd5 7. e3 Nc6 8. Nge2
Be7 9. O-O O-O 10. f4 e4 11. d3 exd3 12. Qxd3 Nb4 13. Qd2 Qd7 14. e4 Bc5+ 15.
Kh1 d4 16. Na4 b6 17. Nxc5 bxc5 18. e5 Bd5 19. exf6 Qh3 20. Rf2 gxf6 21. Kg1
Rfe8 22. Bxh3 d3 23. Nc3 Bb7 24. a3 Nc2 25. Qxd3 Nxa1 26. Qb1 Nxb3 27. Qxb3
Re1+ 28. Rf1 Re7 29. Bg2 Rb8 30. f5 Kg7 31. Bf4 Bxg2 32. Qxb8 Bxf1 33. Kxf1 Rd7
34. Nb5 Rd1+ 35. Ke2 Rb1 36. Qe8 Rb2+ 37. Kf3 Rb3+ 38. Kg4 a6 39. Nd6 Rb7 40.
Bh6+ Kxh6 41. Qf8# 1-0

[Event "NAYCC U12"]
[Site "Windsor CAN"]
[Date "2016.08.11"]
[Round "8.113"]
[White "Zaid, Daniyal"]
[Black "Asemota, Eghosa"]
[Result "0-1"]
[WhiteElo "714"]
[BlackElo "803"]
[PlyCount "66"]
[EventDate "2016.08.07"]
[EventType "swiss"]
[EventRounds "9"]
[EventCountry "CAN"]

1. e4 c5 2. Nf3 d6 3. Nc3 Nf6 4. d3 Nc6 5. Be2 Nd4 6. Be3 Nxe2 7. Qxe2 e6 8.
Bg5 Be7 9. O-O O-O 10. h3 h6 11. Bd2 Bd7 12. Rfe1 d5 13. e5 Nh5 14. g4 d4 15.
gxh5 dxc3 16. bxc3 Bc6 17. Qe3 Qd5 18. Qe4 Qxe4 19. dxe4 f6 20. c4 f5 21. Nh2
Bxe4 22. Rec1 Rad8 23. Nf1 Bg5 24. Bxg5 hxg5 25. Rab1 b6 26. Rb3 Rd4 27. Rg3 g4
28. hxg4 fxg4 29. Rxg4 Bf3 30. Rg3 Rg4 31. Rxg4 Bxg4 32. Ng3 Rf4 33. Rd1 Bxd1
0-1

[Event "NAYCC U12"]
[Site "Windsor CAN"]
[Date "2016.08.11"]
[Round "8.114"]
[White "Kapoor, Arjun"]
[Black "Dong, Leo"]
[Result "0-1"]
[WhiteElo "590"]
[BlackElo "784"]
[PlyCount "58"]
[EventDate "2016.08.07"]
[EventType "swiss"]
[EventRounds "9"]
[EventCountry "CAN"]

1. d4 Nf6 2. e3 c5 3. Nf3 g6 4. Bd3 Bg7 5. b3 O-O 6. Ba3 d6 7. Bb2 Nc6 8. Nbd2
Be6 9. dxc5 dxc5 10. Ne5 Bd5 11. Nxc6 Bxc6 12. Bxf6 Bxf6 13. Rc1 Bxg2 14. Rg1
Bc6 15. a4 e5 16. Bb5 Bxb5 17. axb5 b6 18. Ne4 Qe7 19. Qf3 Bg7 20. Ng5 h6 21.
Ne4 c4 22. bxc4 Qb4+ 23. Nd2 Rad8 24. Rd1 Rd7 25. Qh3 Rfd8 26. e4 Rxd2 27. c3
Rxd1+ 28. Ke2 R8d2+ 29. Ke3 Qxc3# 0-1

[Event "NAYCC U12"]
[Site "Windsor CAN"]
[Date "2016.08.11"]
[Round "9.91"]
[White "Balderas, Adolfo"]
[Black "Hung, Daniel"]
[Result "0-1"]
[WhiteElo "1956"]
[BlackElo "1812"]
[PlyCount "88"]
[EventDate "2016.08.07"]
[EventType "swiss"]
[EventRounds "9"]
[EventCountry "CAN"]

1. e4 e6 2. d4 d5 3. Nc3 Nf6 4. e5 Nfd7 5. f4 c5 6. Nf3 Nc6 7. Be3 Be7 8. Qd2
a6 9. dxc5 Nxc5 10. Nd4 Bd7 11. Be2 O-O 12. O-O b5 13. a3 Qc7 14. Rf3 Nb7 15.
Bd3 f6 16. exf6 Bxf6 17. Nxc6 Bxc6 18. Rh3 g6 19. Ne2 Bxb2 20. Rf1 Bg7 21. Nd4
Bd7 22. Rhf3 Nd6 23. Nb3 Nc4 24. Bxc4 bxc4 25. Nc5 Qd6 26. Ne4 Qc6 27. Ng3 Qc7
28. h4 c3 29. Qd1 Bb5 30. Re1 Qc4 31. Ne2 Qa4 32. Bc1 d4 33. Ng3 Bc4 34. h5 Qc6
35. hxg6 hxg6 36. Nf1 Qc5 37. Kh1 Kf7 38. Rh3 Rh8 39. Rh2 Bxf1 40. Rxf1 Rxh2+
41. Kxh2 Rh8+ 42. Kg3 Bf6 43. Qe2 Qd5 44. Qxa6 Bh4+ 0-1

[Event "NAYCC U12"]
[Site "Windsor CAN"]
[Date "2016.08.11"]
[Round "9.92"]
[White "Zhong, Wenxuan"]
[Black "Idnani, Roshan"]
[Result "1-0"]
[WhiteElo "1758"]
[BlackElo "1860"]
[PlyCount "51"]
[EventDate "2016.08.07"]
[EventType "swiss"]
[EventRounds "9"]
[EventCountry "CAN"]

1. e4 c6 2. d4 d5 3. e5 Bf5 4. Nf3 e6 5. Be2 Nd7 6. O-O Ne7 7. h3 c5 8. c4 cxd4
9. Nxd4 Bxb1 10. Rxb1 Nxe5 11. Bg5 h6 12. Bh4 g5 13. Bg3 Bg7 14. cxd5 Qxd5 15.
Qa4+ N7c6 16. Bxe5 Qxe5 17. Nxc6 bxc6 18. Qxc6+ Ke7 19. Qb7+ Kf6 20. Bh5 Rhf8
21. Rbe1 Qd5 22. Qb4 Rab8 23. Qc3+ e5 24. Rd1 Qe4 25. Rd6+ Ke7 26. Qc7+ 1-0

[Event "NAYCC U12"]
[Site "Windsor CAN"]
[Date "2016.08.11"]
[Round "9.93"]
[White "Liang, Justin"]
[Black "Shi, William"]
[Result "0-1"]
[WhiteElo "1853"]
[BlackElo "1753"]
[PlyCount "64"]
[EventDate "2016.08.07"]
[EventType "swiss"]
[EventRounds "9"]
[EventCountry "CAN"]

1. d4 Nf6 2. c4 e6 3. Nf3 b6 4. Nc3 Bb4 5. Bf4 Bb7 6. Qc2 O-O 7. Nd2 d5 8. cxd5
exd5 9. e3 Nh5 10. Bg3 c5 11. a3 Ba5 12. Nb3 Bxc3+ 13. bxc3 cxd4 14. Nxd4 Nxg3
15. hxg3 g6 16. Bd3 Nd7 17. Ne6 fxe6 18. Bxg6 Qf6 19. Rh6 Qxf2+ 20. Qxf2 Rxf2
21. Bxh7+ Kg7 22. Rxe6 Raf8 23. Re7+ Kh8 24. Bd3 Nc5 25. Be2 Ba6 26. Bxa6 Nxa6
27. Re8 Rf1+ 28. Ke2 R1f2+ 29. Ke1 Rxe8 30. Kxf2 Nc5 31. Kf3 Ne4 32. Rd1 Rf8+
0-1

[Event "NAYCC U12"]
[Site "Windsor CAN"]
[Date "2016.08.11"]
[Round "9.94"]
[White "Tanaka, Tyler"]
[Black "Zheng, Victor"]
[Result "1-0"]
[WhiteElo "1620"]
[BlackElo "1852"]
[PlyCount "65"]
[EventDate "2016.08.07"]
[EventType "swiss"]
[EventRounds "9"]
[EventCountry "CAN"]

1. e4 c5 2. Nf3 d6 3. d4 cxd4 4. Nxd4 Nf6 5. Nc3 a6 6. Bg5 e6 7. f4 Qb6 8. Qd2
Qxb2 9. Rb1 Qa3 10. Bxf6 gxf6 11. f5 Nc6 12. Be2 Qc5 13. Nf3 Bh6 14. Qxh6 Qxc3+
15. Nd2 Nd4 16. Bd3 Rg8 17. O-O Ke7 18. e5 Qc6 19. Qxf6+ Ke8 20. Ne4 dxe5 21.
Qxe5 Nb5 22. Rxb5 Bd7 23. Rc5 Qb6 24. Nf6+ Ke7 25. Nd5+ Ke8 26. Nxb6 Bc6 27.
Rxc6 bxc6 28. fxe6 Rf8 29. e7 Rg8 30. Qd6 f5 31. Rxf5 Rxg2+ 32. Kxg2 Ra7 33.
Qd8# 1-0

[Event "NAYCC U12"]
[Site "Windsor CAN"]
[Date "2016.08.11"]
[Round "9.95"]
[White "Singh, Hersh"]
[Black "Tsay, Vincent"]
[Result "0-1"]
[WhiteElo "1506"]
[BlackElo "1789"]
[PlyCount "136"]
[EventDate "2016.08.07"]
[EventType "swiss"]
[EventRounds "9"]
[EventCountry "CAN"]

1. e4 e6 2. d4 d5 3. Nd2 Nf6 4. e5 Nfd7 5. Bd3 c5 6. c3 Nc6 7. Ne2 cxd4 8. cxd4
f6 9. exf6 Nxf6 10. O-O Bd6 11. Nf3 O-O 12. Nf4 Qc7 13. Ne2 e5 14. dxe5 Nxe5
15. Nxe5 Bxe5 16. Ng3 Kh8 17. Kh1 Ng4 18. Qe2 Bd7 19. Bg5 Rae8 20. Qd2 h6 21.
Rac1 Qb6 22. Be3 d4 23. Bxh6 Qxh6 24. Qxh6+ gxh6 25. Kg1 Bf4 26. Rc4 Ne5 27.
Rxd4 Nxd3 28. Rxd7 Bxg3 29. hxg3 Nc5 30. Rd6 Re6 31. Rxe6 Nxe6 32. Rd1 Rd8 33.
Re1 Rd6 34. f4 Rb6 35. b3 Kg7 36. Rd1 Nc5 37. Rd4 Kf6 38. Kf2 Ra6 39. Kf3 Rxa2
40. Rd6+ Ne6 41. g4 Ra3 42. f5 Rxb3+ 43. Kf2 Rb6 44. Rd7 Ng5 45. Rd8 a5 46. Ra8
Rb5 47. Ra7 b6 48. Ra6 Rb4 49. Ke2 Ne4 50. Ra7 Nc3+ 51. Kd3 Nd5 52. Rh7 Rxg4
53. Rxh6+ Kxf5 54. Rd6 Ke5 55. Rd8 Rd4+ 56. Kc2 Ne3+ 57. Kc3 Rxd8 58. g3 Ke4
59. Kb3 Rc8 60. Ka4 Rc3 61. Kb5 Kd5 62. Kxb6 a4 63. Kb5 a3 64. Kb4 Nd1 65. g4
a2 66. g5 a1=Q 67. g6 Qb2+ 68. Ka4 Ra3# 0-1

[Event "NAYCC U12"]
[Site "Windsor CAN"]
[Date "2016.08.11"]
[Round "9.96"]
[White "England, Max"]
[Black "Zhou, Aiden"]
[Result "1-0"]
[WhiteElo "1607"]
[BlackElo "1777"]
[PlyCount "97"]
[EventDate "2016.08.07"]
[EventType "swiss"]
[EventRounds "9"]
[EventCountry "CAN"]

1. e4 c5 2. d4 cxd4 3. c3 dxc3 4. Nxc3 Nc6 5. Nf3 e6 6. Bc4 a6 7. O-O Nge7 8.
Qe2 Ng6 9. Rd1 Be7 10. Be3 O-O 11. Bb3 b5 12. Rac1 Bb7 13. Rd2 Qc7 14. Qd1 Rfd8
15. Nd5 exd5 16. exd5 Bf6 17. Bg5 Bxg5 18. Nxg5 Nge5 19. f4 Qb6+ 20. Kh1 Qe3
21. dxc6 Bxc6 22. Nxf7 Nxf7 23. Rxc6 Qxd2 24. Qxd2 dxc6 25. Qc2 Rd6 26. h3 Rad8
27. Qc5 R8d7 28. Qb6 Kf8 29. Qxa6 Nd8 30. Qb6 Ne6 31. Qe3 Nd4 32. Bd1 Nf5 33.
Qc5 Ne3 34. Bf3 Nd5 35. Bg4 Rd8 36. Be6 Ke7 37. f5 Nf4 38. Qa7+ Kf6 39. Qf7+
Ke5 40. Qxg7+ Ke4 41. Qg4 Rd1+ 42. Kh2 R8d3 43. f6 R3d2 44. Qf5+ Ke3 45. Qe5+
Kf2 46. Qxf4+ Ke2 47. Bg4+ Ke1 48. Qe3+ Kf1 49. Qg1# 1-0

[Event "NAYCC U12"]
[Site "Windsor CAN"]
[Date "2016.08.11"]
[Round "9.97"]
[White "Ouyang, Nathan"]
[Black "Huang, Patrick"]
[Result "0-1"]
[WhiteElo "1693"]
[BlackElo "1973"]
[PlyCount "46"]
[EventDate "2016.08.07"]
[EventType "swiss"]
[EventRounds "9"]
[EventCountry "CAN"]

1. e4 c5 2. Nf3 d6 3. d4 cxd4 4. Nxd4 Nf6 5. Nc3 a6 6. a4 e5 7. Nf3 Be6 8. Ng5
Qc7 9. Nxe6 fxe6 10. Be3 Be7 11. Be2 Qc6 12. O-O O-O 13. Qd2 Rd8 14. b3 d5 15.
exd5 exd5 16. Na2 d4 17. Bg5 Ne4 18. Bxe7 Nxd2 19. Bxd8 Nxf1 20. Rxf1 Nd7 21.
Bc4+ Kh8 22. Be7 Nb6 23. Nb4 Qc7 0-1

[Event "NAYCC U12"]
[Site "Windsor CAN"]
[Date "2016.08.11"]
[Round "9.98"]
[White "Huang, Qiuyu"]
[Black "Grabinsky, Joshua"]
[Result "1-0"]
[WhiteElo "1972"]
[BlackElo "1704"]
[PlyCount "53"]
[EventDate "2016.08.07"]
[EventType "swiss"]
[EventRounds "9"]
[EventCountry "CAN"]

1. e4 e6 2. d4 d5 3. exd5 exd5 4. Bd3 Bd6 5. Ne2 Ne7 6. O-O O-O 7. c3 Bf5 8. f4
Be4 9. Bxe4 dxe4 10. Qb3 c5 11. Nd2 Nbc6 12. Nxe4 cxd4 13. cxd4 Bc7 14. Be3 Nf5
15. Bf2 Re8 16. N4c3 Ncxd4 17. Nxd4 Nxd4 18. Qc4 Nc6 19. Rad1 Qc8 20. Nd5 Bd8
21. Rfe1 Rxe1+ 22. Rxe1 Qd7 23. Qd3 Nb8 24. Qe4 Qd6 25. Qe8+ Qf8 26. Qxf8+ Kxf8
27. Bc5+ 1-0

[Event "NAYCC U12"]
[Site "Windsor CAN"]
[Date "2016.08.11"]
[Round "9.99"]
[White "McNutt, William"]
[Black "Butchart, Kevin"]
[Result "1/2-1/2"]
[WhiteElo "1875"]
[BlackElo "1083"]
[PlyCount "82"]
[EventDate "2016.08.07"]
[EventType "swiss"]
[EventRounds "9"]
[EventCountry "CAN"]

1. d4 d5 2. Nf3 Nf6 3. e3 e6 4. Bd3 a6 5. Nbd2 Bd6 6. O-O O-O 7. b3 b5 8. a4 b4
9. Bb2 Nbd7 10. Ne5 Bb7 11. f4 Ne4 12. Bxe4 dxe4 13. Ndc4 Nxe5 14. fxe5 Be7 15.
Qg4 Bg5 16. Rae1 Kh8 17. g3 Qe7 18. Nd2 c5 19. Nxe4 Bxe4 20. Qxe4 Rac8 21. Re2
f5 22. exf6 Bxf6 23. Rd1 Rfd8 24. Red2 Rd5 25. Bc1 cxd4 26. exd4 Qd6 27. Bb2
Rd8 28. Rd3 Rc8 29. Qe2 Qc6 30. c4 bxc3 31. Rxc3 Qd7 32. Rxc8+ Qxc8 33. Qc4 Qd7
34. Qxa6 h6 35. Re1 Rd6 36. Qa8+ Kh7 37. Qe4+ Kh8 38. Rd1 Rd5 39. Re1 Rd6 40.
Rf1 Kg8 41. Rd1 Rd5 1/2-1/2

[Event "NAYCC U12"]
[Site "Windsor CAN"]
[Date "2016.08.11"]
[Round "9.100"]
[White "Lin, Benjamin"]
[Black "Somalwar, Anaiy"]
[Result "0-1"]
[WhiteElo "1716"]
[BlackElo "1755"]
[PlyCount "72"]
[EventDate "2016.08.07"]
[EventType "swiss"]
[EventRounds "9"]
[EventCountry "CAN"]

1. d4 d5 2. c4 e6 3. Nc3 Be7 4. e3 Nf6 5. Nf3 O-O 6. Bd3 Nbd7 7. O-O c5 8. cxd5
exd5 9. Bc2 b6 10. e4 dxe4 11. Nxe4 Bb7 12. Nxf6+ Nxf6 13. dxc5 Qxd1 14. Rxd1
Bxc5 15. Be3 Bxe3 16. fxe3 Rfe8 17. Bb3 Bxf3 18. gxf3 Rxe3 19. Kf2 Re7 20. Rd3
h6 21. Rad1 Kh7 22. Bc2 g6 23. Rd6 Kg7 24. Ba4 Rc8 25. R1d2 Rc5 26. Rc6 Rf5 27.
Kg2 Rg5+ 28. Kf2 Rf5 29. Kg2 Rf4 30. Bb3 g5 31. Rdc2 Ne8 32. R6c4 Rf5 33. Rd4
Nf6 34. Rcd2 Rfe5 35. Kg3 Re3 36. R4d3 Ne4+ 0-1

[Event "NAYCC U12"]
[Site "Windsor CAN"]
[Date "2016.08.11"]
[Round "9.101"]
[White "Doknjas, Neil"]
[Black "Omichi, Haruaki"]
[Result "1-0"]
[WhiteElo "1693"]
[BlackElo "1071"]
[PlyCount "85"]
[EventDate "2016.08.07"]
[EventType "swiss"]
[EventRounds "9"]
[EventCountry "CAN"]

1. e4 c5 2. Nf3 Nc6 3. d4 cxd4 4. Nxd4 Nf6 5. Nc3 g6 6. Be3 Bg7 7. Nxc6 bxc6 8.
e5 Nd5 9. Nxd5 cxd5 10. Qxd5 Rb8 11. Bc4 O-O 12. O-O Rxb2 13. Bb3 Qc7 14. Bd4
Rxb3 15. cxb3 Bb7 16. Qc4 Qxc4 17. bxc4 d6 18. Bxa7 Bxe5 19. Rab1 Ba6 20. Rfc1
Rc8 21. Rb8 Kg7 22. Rxc8 Bxc8 23. c5 d5 24. c6 Bc7 25. Rb1 e5 26. Bb8 Bxb8 27.
Rxb8 Be6 28. c7 Kf6 29. c8=Q Bxc8 30. Rxc8 Ke6 31. a4 Kd7 32. Rc1 d4 33. Kf1 e4
34. Ke2 Kd6 35. a5 Kd5 36. a6 f5 37. a7 Ke5 38. a8=Q Kf4 39. Qb8+ Kg5 40. Qd8+
Kf4 41. Qd6+ Kg5 42. Qe7+ Kf4 43. g3+ 1-0

[Event "NAYCC U12"]
[Site "Windsor CAN"]
[Date "2016.08.11"]
[Round "9.102"]
[White "Shi, David"]
[Black "Nair, Siddhant"]
[Result "1-0"]
[WhiteElo "1309"]
[BlackElo "1825"]
[PlyCount "77"]
[EventDate "2016.08.07"]
[EventType "swiss"]
[EventRounds "9"]
[EventCountry "CAN"]

1. e4 c5 2. Nf3 d6 3. d4 cxd4 4. Nxd4 Nf6 5. Nc3 g6 6. Be3 Bg7 7. f3 O-O 8. Qd2
Nc6 9. g4 Bd7 10. O-O-O Rc8 11. h4 h5 12. gxh5 Nxh5 13. Rg1 Qa5 14. Rg5 Qd8 15.
Nxc6 bxc6 16. Ba6 Rb8 17. Rdg1 Kh7 18. Bc4 Bf6 19. R5g2 c5 20. Bg5 Bg7 21. Bb3
a5 22. Nd5 Re8 23. Nc3 a4 24. Bxf7 Qb6 25. b3 Qb4 26. Bxe8 Bxc3 27. Bxg6+ Kg7
28. Bh6+ Kh8 29. Qg5 Qa3+ 30. Kd1 Qxa2 31. Bg7+ Bxg7 32. Qxh5+ Kg8 33. Bh7+ Kf8
34. Rxg7 Qa1+ 35. Ke2 Bb5+ 36. Kf2 Qd4+ 37. Kg2 Kxg7 38. Kh1+ Kh8 39. Bf5# 1-0

[Event "NAYCC U12"]
[Site "Windsor CAN"]
[Date "2016.08.11"]
[Round "9.103"]
[White "Li, Si"]
[Black "Li, Jack"]
[Result "1/2-1/2"]
[WhiteElo "1366"]
[BlackElo "1511"]
[PlyCount "48"]
[EventDate "2016.08.07"]
[EventType "swiss"]
[EventRounds "9"]
[EventCountry "CAN"]

1. e4 c5 2. Nf3 Nc6 3. d4 cxd4 4. Nxd4 Qb6 5. Nb5 a6 6. N5a3 Nf6 7. Nc4 Qc7 8.
f3 b5 9. Ne3 e6 10. a3 Bc5 11. Bd3 Bb7 12. Qe2 Nd4 13. Qd2 d5 14. exd5 Nxd5 15.
Nxd5 Bxd5 16. Qf4 Qxf4 17. Bxf4 Rd8 18. Nc3 Ke7 19. Nxd5+ Rxd5 20. Bg3 h6 21.
Bf2 Rhd8 22. O-O Nc6 23. Bxc5+ Rxc5 24. f4 Nd4 1/2-1/2

[Event "NAYCC U12"]
[Site "Windsor CAN"]
[Date "2016.08.11"]
[Round "9.104"]
[White "Jeyakumar, Bhavatharshan"]
[Black "Damarla, Rishi"]
[Result "1-0"]
[WhiteElo "1390"]
[BlackElo "1065"]
[PlyCount "57"]
[EventDate "2016.08.07"]
[EventType "swiss"]
[EventRounds "9"]
[EventCountry "CAN"]

1. e4 e5 2. Nf3 Nc6 3. Bb5 d6 4. d4 exd4 5. Nxd4 Bd7 6. Nc3 Nf6 7. O-O Be7 8.
Be3 O-O 9. Bxc6 bxc6 10. f4 c5 11. Nf3 Bc6 12. e5 Ne4 13. Nxe4 Bxe4 14. Nd2 Bc6
15. Nc4 Qd7 16. f5 Bb5 17. b3 d5 18. f6 dxc4 19. Qxd7 Bxd7 20. fxe7 Rfe8 21.
Bxc5 cxb3 22. axb3 a6 23. Rad1 Bb5 24. Rf4 h6 25. c4 Bc6 26. Rdf1 f6 27. exf6
gxf6 28. Rxf6 Kg7 29. Rxc6 1-0

[Event "NAYCC U12"]
[Site "Windsor CAN"]
[Date "2016.08.11"]
[Round "9.105"]
[White "Zhao, Jonathan"]
[Black "Nath, Naveen"]
[Result "1-0"]
[WhiteElo "1650"]
[BlackElo "1481"]
[PlyCount "139"]
[EventDate "2016.08.07"]
[EventType "swiss"]
[EventRounds "9"]
[EventCountry "CAN"]

1. d4 Nf6 2. Nf3 g6 3. Nbd2 d5 4. e3 Bg7 5. Bd3 O-O 6. O-O Be6 7. c3 c6 8. e4
dxe4 9. Nxe4 Nxe4 10. Bxe4 Bd5 11. Re1 Nd7 12. Qe2 Re8 13. Bxd5 cxd5 14. Qb5
Nb6 15. Bf4 Qd7 16. Qd3 Rac8 17. Ne5 Bxe5 18. Bxe5 Nc4 19. Qc2 Nxe5 20. Rxe5 f6
21. Re3 e5 22. Qd2 e4 23. f3 f5 24. fxe4 fxe4 25. Rf1 Rf8 26. Re2 Rxf1+ 27.
Kxf1 Rf8+ 28. Rf2 Rxf2+ 29. Qxf2 Qf7 30. Ke2 Qxf2+ 31. Kxf2 b5 32. b3 Kf7 33.
Ke3 Ke6 34. a3 Kf5 35. h3 h5 36. h4 g5 37. hxg5 Kxg5 38. c4 dxc4 39. bxc4 bxc4
40. Kxe4 c3 41. Kd3 c2 42. Kxc2 Kf5 43. Kd3 Ke6 44. Ke4 Kd6 45. g3 Ke6 46. d5+
Kd6 47. a4 a5 48. Kd4 Kc7 49. Ke5 Kd7 50. d6 Kd8 51. Kf5 Kd7 52. Kg5 Kxd6 53.
Kxh5 Kc5 54. g4 Kb4 55. g5 Kxa4 56. g6 Ka3 57. g7 a4 58. g8=Q Kb2 59. Qb8+ Ka2
60. Qb5 a3 61. Qb4 Ka1 62. Qxa3+ Kb1 63. Qb3+ Ka1 64. Qb4 Ka2 65. Kg4 Ka1 66.
Kf3 Ka2 67. Ke2 Ka1 68. Kd2 Ka2 69. Kc2 Ka1 70. Qa3# 1-0

[Event "NAYCC U12"]
[Site "Windsor CAN"]
[Date "2016.08.11"]
[Round "9.106"]
[White "Thirumalai, Atul"]
[Black "Kobla, Akshay"]
[Result "1/2-1/2"]
[WhiteElo "1543"]
[BlackElo "1382"]
[PlyCount "114"]
[EventDate "2016.08.07"]
[EventType "swiss"]
[EventRounds "9"]
[EventCountry "CAN"]

1. e4 c5 2. d4 cxd4 3. c3 dxc3 4. Nxc3 Nc6 5. Nf3 a6 6. Bc4 d6 7. e5 Bg4 8.
exd6 Bxf3 9. Qxf3 Nf6 10. dxe7 Qxe7+ 11. Qe3 Rd8 12. Qxe7+ Bxe7 13. Be3 Nb4 14.
Ke2 O-O 15. Rhd1 Rfe8 16. Bb3 Ng4 17. h3 Nxe3 18. Kxe3 Bg5+ 19. Kf3 Nd3 20.
Rab1 Rd6 21. Nd5 Ne5+ 22. Kg3 Rg6 23. Bc2 Rh6 24. Kh2 Ng6 25. Re1 Rxe1 26. Rxe1
Nf8 27. Re8 Re6 28. Bxh7+ Kxh7 29. Rxf8 Re2 30. Rxf7 Rxb2 31. a4 Kg6 32. Rd7 b5
33. Rd6+ Kf5 34. Rxa6 Ke5 35. f4+ Bxf4+ 36. Nxf4 Kxf4 37. axb5 Rxb5 38. Rg6 Rg5
39. Rxg5 Kxg5 40. Kg3 Kh5 41. Kf3 Kh4 42. Kf2 g6 43. Kf3 g5 44. Kf2 g4 45. hxg4
Kxg4 46. g3 Kg5 47. Kf3 Kf5 48. g4+ Kg5 49. Kg3 Kg6 50. Kf4 Kf6 51. g5+ Kg6 52.
Kg4 Kg7 53. Kh5 Kh7 54. g6+ Kg7 55. Kg5 Kg8 56. Kf6 Kf8 57. g7+ Kg8 1/2-1/2

[Event "NAYCC U12"]
[Site "Windsor CAN"]
[Date "2016.08.11"]
[Round "9.107"]
[White "Laurrabaquio Ramirez, Bryan Rica"]
[Black "Yeung, Wesley"]
[Result "0-1"]
[WhiteElo "1480"]
[BlackElo "1515"]
[PlyCount "68"]
[EventDate "2016.08.07"]
[EventType "swiss"]
[EventRounds "9"]
[EventCountry "CAN"]

1. e4 c5 2. f4 g6 3. Nf3 Bg7 4. Nc3 Nc6 5. d3 d6 6. Be3 e6 7. d4 cxd4 8. Nxd4
Nge7 9. Bb5 O-O 10. Bxc6 bxc6 11. h4 h5 12. g4 e5 13. Nde2 Bxg4 14. f5 gxf5 15.
exf5 Nxf5 16. Bg5 Qb6 17. Na4 Qa5+ 18. Nac3 Ng3 19. Rh2 Nxe2 20. Rxe2 d5 21.
Qd2 Bxe2 22. Kxe2 d4 23. Ne4 Qxd2+ 24. Bxd2 f5 25. Ng5 Rab8 26. b3 e4 27. Ne6
d3+ 28. cxd3 exd3+ 29. Kxd3 Bxa1 30. Nxf8 Rxf8 31. Ke2 Re8+ 32. Kf3 Re4 33. Bg5
Kf7 34. Kg2 Bf6 0-1

[Event "NAYCC U12"]
[Site "Windsor CAN"]
[Date "2016.08.11"]
[Round "9.108"]
[White "Hawthorn, Henry"]
[Black "Wang, Kevin"]
[Result "1-0"]
[WhiteElo "1488"]
[BlackElo "1158"]
[PlyCount "63"]
[EventDate "2016.08.07"]
[EventType "swiss"]
[EventRounds "9"]
[EventCountry "CAN"]

1. d4 e6 2. c4 Nf6 3. Nc3 d5 4. cxd5 exd5 5. Bg5 Bb4 6. e3 c6 7. Bd3 O-O 8.
Nge2 h6 9. Bh4 Nbd7 10. O-O Bd6 11. Bg3 Qe7 12. Rc1 Nb6 13. Re1 Be6 14. Nf4
Rac8 15. Nxe6 Qxe6 16. Qc2 Bxg3 17. hxg3 Rfe8 18. Bf5 Qe7 19. Bxc8 Rxc8 20. e4
dxe4 21. Nxe4 Nxe4 22. Rxe4 Qf6 23. Rce1 g6 24. Rf4 Qd6 25. Rh4 h5 26. Rhe4 Kg7
27. Re7 Rc7 28. Rxc7 Qxc7 29. Qc5 Qd8 30. Re7 Nd7 31. Qd6 Kg8 32. Qxd7 1-0

[Event "NAYCC U12"]
[Site "Windsor CAN"]
[Date "2016.08.11"]
[Round "9.109"]
[White "Asemota, Eghosa"]
[Black "Huang, Andrew"]
[Result "0-1"]
[WhiteElo "803"]
[BlackElo "1754"]
[PlyCount "84"]
[EventDate "2016.08.07"]
[EventType "swiss"]
[EventRounds "9"]
[EventCountry "CAN"]

1. e4 c5 2. Nf3 g6 3. Nc3 Bg7 4. d3 Nc6 5. Be3 d6 6. Be2 Nf6 7. O-O O-O 8. Qd2
Ng4 9. Bf4 Nge5 10. Nxe5 Nxe5 11. Bh6 e6 12. Bxg7 Kxg7 13. d4 Nc6 14. dxc5 dxc5
15. Qxd8 Rxd8 16. Rad1 Nd4 17. Bd3 a6 18. Na4 c4 19. Bxc4 b5 20. Nb6 Rb8 21.
Nxc8 bxc4 22. c3 Ne2+ 23. Kh1 Rbxc8 24. Rxd8 Rxd8 25. Re1 Rd2 26. b3 cxb3 27.
axb3 Nxc3 28. f3 Rd1 29. Rxd1 Nxd1 30. b4 Nb2 31. Kg1 Nd3 32. Kf1 Nxb4 33. Ke1
a5 34. Kd1 Kf6 35. g3 Ke5 36. Kd2 Kd4 37. h4 a4 38. Kc1 a3 39. Kb1 Kc3 40. Ka1
Kb3 41. Kb1 a2+ 42. Ka1 Nc2# 0-1

[Event "NAYCC U12"]
[Site "Windsor CAN"]
[Date "2016.08.11"]
[Round "9.110"]
[White "Bhanji, Areez"]
[Black "Cyrenne, Cole"]
[Result "1-0"]
[WhiteElo "1135"]
[BlackElo "922"]
[PlyCount "77"]
[EventDate "2016.08.07"]
[EventType "swiss"]
[EventRounds "9"]
[EventCountry "CAN"]

1. e4 c5 2. Nc3 Nc6 3. f4 d6 4. Nf3 g6 5. Bb5 Bd7 6. Bxc6 Bxc6 7. d3 Bg7 8. O-O
e6 9. Qe1 Nf6 10. h3 O-O 11. Ne2 b5 12. g4 d5 13. Ng3 c4 14. f5 Qb6+ 15. Be3
Qc7 16. Ng5 dxe4 17. dxe4 Qe5 18. c3 Nxe4 19. N5xe4 Bxe4 20. Bd4 Qd5 21. Qxe4
Bxd4+ 22. Qxd4 Qc6 23. f6 Rfd8 24. Qf4 Rd7 25. Qh6 Qc5+ 26. Rf2 Qf8 27. Qxf8+
Kxf8 28. Rff1 Rd2 29. Rab1 a5 30. Rfd1 Rc2 31. Ne4 b4 32. Rd2 Rxd2 33. Nxd2 Rc8
34. Rc1 e5 35. cxb4 axb4 36. Rxc4 Rd8 37. Rxb4 Rxd2 38. Rb8+ Rd8 39. Rxd8# 1-0

[Event "NAYCC U12"]
[Site "Windsor CAN"]
[Date "2016.08.11"]
[Round "9.111"]
[White "Dong, Leo"]
[Black "Liu, Bowser"]
[Result "0-1"]
[WhiteElo "784"]
[BlackElo "895"]
[PlyCount "66"]
[EventDate "2016.08.07"]
[EventType "swiss"]
[EventRounds "9"]
[EventCountry "CAN"]

1. d4 Nf6 2. c4 d6 3. Nf3 g6 4. g3 Bg7 5. Bg2 O-O 6. O-O Bg4 7. Nc3 Qc8 8. b3
Bh3 9. Bb2 Bxg2 10. Kxg2 Bh6 11. e4 c5 12. dxc5 Qxc5 13. Re1 Qc8 14. e5 Ne8 15.
Qd3 Qc6 16. Ne4 Bg7 17. Kg1 Nd7 18. Nd4 Qb6 19. e6 fxe6 20. Nxe6 Bxb2 21. Nxf8
Kxf8 22. Qf3+ Nef6 23. Rab1 Bd4 24. Re2 Ke8 25. Nxf6+ Bxf6 26. Qd5 Ne5 27. Qg8+
Kd7 28. Qxa8 Nf3+ 29. Kg2 Qc6 30. Kf1 Nxh2+ 31. Kg1 Nf3+ 32. Kg2 Nd4+ 33. Kf1
Qh1# 0-1

[Event "NAYCC U12"]
[Site "Windsor CAN"]
[Date "2016.08.11"]
[Round "9.112"]
[White "Renard, Christopher"]
[Black "Xing, Kun"]
[Result "0-1"]
[WhiteElo "799"]
[BlackElo "880"]
[PlyCount "114"]
[EventDate "2016.08.07"]
[EventType "swiss"]
[EventRounds "9"]
[EventCountry "CAN"]

1. e4 c5 2. Nf3 d6 3. Bc4 h6 4. Nc3 Nc6 5. d3 Bg4 6. O-O Nf6 7. Nd5 e6 8. Nxf6+
Qxf6 9. h3 Bxf3 10. Qxf3 Qxf3 11. gxf3 Nd4 12. Bb3 Nxf3+ 13. Kg2 Nd4 14. Ba4+
Nc6 15. Be3 a6 16. Bxc6+ bxc6 17. c4 e5 18. Rad1 Be7 19. a3 a5 20. Ra1 O-O 21.
Rfd1 Rfb8 22. b4 axb4 23. axb4 Rxa1 24. Rxa1 Rxb4 25. Ra7 Bg5 26. Bxg5 hxg5 27.
Kg3 Rb3 28. Kg4 f6 29. Kf5 Kh7 30. Ra6 Rxd3 31. Rxc6 Rd4 32. Ke6 Rxe4 33. Kxd6
Rxc4 34. Rxc5 Rxc5 35. Kxc5 Kh6 36. Kd5 Kg6 37. Ke4 Kh5 38. Kf3 f5 39. Kg3 f4+
40. Kg2 g4 41. hxg4+ Kxg4 42. f3+ Kf5 43. Kh3 g5 44. Kg2 e4 45. fxe4+ Kxe4 46.
Kf2 g4 47. Kg1 Ke3 48. Kf1 Kf3 49. Kg1 Ke2 50. Kg2 f3+ 51. Kg3 f2 52. Kxg4 f1=Q
53. Kh4 Qg2 54. Kh5 Qg3 55. Kh6 Qg4 56. Kh7 Qg5 57. Kh8 Kf3 0-1

[Event "NAYCC U12"]
[Site "Windsor CAN"]
[Date "2016.08.11"]
[Round "9.114"]
[White "Ge, Jared"]
[Black "Kapoor, Arjun"]
[Result "1-0"]
[WhiteElo "1405"]
[BlackElo "590"]
[PlyCount "26"]
[EventDate "2016.08.07"]
[EventType "swiss"]
[EventRounds "9"]
[EventCountry "CAN"]

1. e4 e5 2. Nf3 d5 3. d4 exd4 4. Nxd4 Nc6 5. Be3 Bc5 6. Be2 Nxd4 7. Bxd4 Bxd4
8. Qxd4 Qf6 9. Qd3 Be6 10. O-O Ne7 11. f4 d4 12. a3 Bc4 13. Qxc4 c5 1-0